Essentials of human resource management and industrial relations : (Record no. 203434)
[ view plain ]
| 000 -LEADER | |
|---|---|
| fixed length control field | 00719nam a2200217Ia 4500 |
| 005 - DATE AND TIME OF LATEST TRANSACTION | |
| control field | 20220218160417.0 |
| 008 - FIXED-LENGTH DATA ELEMENTS--GENERAL INFORMATION | |
| fixed length control field | 210716s2003 xx 000 0 und d |
| 020 ## - INTERNATIONAL STANDARD BOOK NUMBER | |
| International Standard Book Number | 8173181252 |
| 040 ## - CATALOGING SOURCE | |
| Transcribing agency | AIMIT LIBRARY |
| 041 ## - LANGUAGE CODE | |
| Language code of text/sound track or separate title | eng |
| 082 ## - DEWEY DECIMAL CLASSIFICATION NUMBER | |
| Classification number | 658.3 |
| Edition number | 1 |
| Item number | RAOP |
| 100 ## - MAIN ENTRY--PERSONAL NAME | |
| Personal name | Rao, P Subba. |
| 9 (RLIN) | 21151 |
| 245 ## - TITLE STATEMENT | |
| Title | Essentials of human resource management and industrial relations : |
| Remainder of title | text cases and games / |
| Statement of responsibility, etc. | By P Subba Rao. |
| 250 ## - EDITION STATEMENT | |
| Edition statement | 1st ed. |
| 260 ## - PUBLICATION, DISTRIBUTION, ETC. | |
| Place of publication, distribution, etc. | Hyderabad : |
| Name of publisher, distributor, etc. | Himalaya Publishing House ; |
| Date of publication, distribution, etc. | 2005 |
| 300 ## - PHYSICAL DESCRIPTION | |
| Extent | 790p. ; |
| Dimensions | 23 cm. |
| 650 ## - SUBJECT ADDED ENTRY--TOPICAL TERM | |
| Topical term or geographic name entry element | Job design job analysis |
| 9 (RLIN) | 21152 |
| 650 ## - SUBJECT ADDED ENTRY--TOPICAL TERM | |
| Topical term or geographic name entry element | Selection placement and industries |
| 9 (RLIN) | 21153 |
| 650 ## - SUBJECT ADDED ENTRY--TOPICAL TERM | |
| Topical term or geographic name entry element | Industrial relations |
| 9 (RLIN) | 21154 |
| 942 ## - ADDED ENTRY ELEMENTS (KOHA) | |
| Source of classification or shelving scheme | Dewey Decimal Classification |
| Koha item type | Book |
| Edition | 1st |
| Call number prefix | 658.3 RAOP |
| Withdrawn status | Lost status | Source of classification or shelving scheme | Damaged status | Not for loan | Collection code | Home library | Current library | Shelving location | Date acquired | Cost, normal purchase price | Inventory number | Total Checkouts | Full call number | Barcode | Date last seen | Cost, replacement price | Price effective from | Koha item type |
|---|---|---|---|---|---|---|---|---|---|---|---|---|---|---|---|---|---|---|
| Dewey Decimal Classification | MBA | St Aloysius Institute of Management & Information Technology | St Aloysius Institute of Management & Information Technology | Human Resource Management | 04/07/2004 | 275.00 | Bill no:5925;Bill dt:2004-03-30 | 658.3 RAOP | MBA00125 | 05/23/2026 | 220.00 | 07/16/2021 | Book | |||||
| Dewey Decimal Classification | MBA | St Aloysius Institute of Management & Information Technology | St Aloysius Institute of Management & Information Technology | Human Resource Management | 04/07/2004 | 275.00 | Bill no:5925; Bill dt:2004-03-30 | 658.3 RAOP | MBA00126 | 05/23/2026 | 220.00 | 07/16/2021 | Book | |||||
| Dewey Decimal Classification | MBA | St Aloysius Institute of Management & Information Technology | St Aloysius Institute of Management & Information Technology | Human Resource Management | 04/15/2004 | 275.00 | Bill no:5935; Bill dt:2004-03-31 | 658.3 RAOP | MBA00337 | 05/23/2026 | 220.00 | 07/16/2021 | Book | |||||
| Dewey Decimal Classification | MBA | St Aloysius Institute of Management & Information Technology | St Aloysius Institute of Management & Information Technology | Human Resource Management | 04/15/2004 | 275.00 | Bill no:5935; Bill dt:2004-03-31 | 658.3 RAOP | MBA00338 | 05/23/2026 | 220.00 | 07/16/2021 | Book | |||||
| Dewey Decimal Classification | MBA | St Aloysius Institute of Management & Information Technology | St Aloysius Institute of Management & Information Technology | Human Resource Management | 05/07/2007 | 275.00 | 658.3 RAOP | MBA04373 | 05/23/2026 | 275.00 | 07/16/2021 | Book | ||||||
| Dewey Decimal Classification | MBA | St Aloysius Institute of Management & Information Technology | St Aloysius Institute of Management & Information Technology | Human Resource Management | 01/02/2008 | 340.00 | Bill no:8013; Bill dt:2007-12-18 | 658.3 RAOP | MBA04662 | 05/23/2026 | 272.00 | 07/16/2021 | Book | |||||
| Dewey Decimal Classification | MBA | St Aloysius Institute of Management & Information Technology | St Aloysius Institute of Management & Information Technology | Human Resource Management | 03/07/2009 | 658.3 RAOP | MBA06000 | 05/23/2026 | 07/16/2021 | Book |